Central Library OPAC University of Rajshahi

Functions of a complex variable : (Record no. 51556)

MARC details
000 -LEADER
fixed length control field 00863nam a2200265 a 4500
001 - CONTROL NUMBER
control field 51556
003 - CONTROL NUMBER IDENTIFIER
rucl marc code BD-RjUL
005 - DATE AND TIME OF LATEST TRANSACTION
control field 20211209075658.0
008 - FIXED-LENGTH DATA ELEMENTS--GENERAL INFORMATION
fixed length control field 160831r19631957enka 001 0 eng d
035 ## - SYSTEM CONTROL NUMBER
System control number (BD-RjUL)51676
040 ## - CATALOGING SOURCE
Original cataloging agency OCP
Transcribing agency OCP
Modifying agency UNH
-- PIT
-- BD-RjUL
Language of cataloging eng
041 ## - LANGUAGE CODE
Language code of text/sound track or separate title eng
082 ## - DEWEY DECIMAL CLASSIFICATION NUMBER
Edition number 23
Author mark and year PHF 1963
Classification number 515.9
100 1# - MAIN ENTRY--PERSONAL NAME
Personal name Phillips, E. G.
Fuller form of name (Edgar Giraldus)
9 (RLIN) 153370
245 10 - TITLE STATEMENT
Title Functions of a complex variable :
Remainder of title with applications /
Statement of responsibility, etc. by E.G. Phillips.
250 ## - EDITION STATEMENT
Edition statement 8th ed.
260 ## - PUBLICATION, DISTRIBUTION, ETC. (IMPRINT)
Place of publication, distribution, etc. Edinburgh :
Name of publisher, distributor, etc. Oliver and Boyd,
Date of publication, distribution, etc. 1957 [ Reprinted 1961, 1963,1965 ]
300 ## - PHYSICAL DESCRIPTION
Pagination xi, 144 p. :
Illustrations ill. ;
Size 19 cm.
490 1# - SERIES STATEMENT
Series statement University mathematical texts
500 ## - GENERAL NOTE
General note Includes index.
General note "With 17 figures" - t.p.
650 #0 - SUBJECT ADDED ENTRY--TOPICAL TERM
Topical term or geographic name as entry element Functions of complex variables.
9 (RLIN) 154108
830 #0 - SERIES ADDED ENTRY--UNIFORM TITLE
Uniform title University mathematical texts
942 ## - ADDED ENTRY ELEMENTS (KOHA)
Source of classification or shelving scheme Dewey Decimal Classification
Koha item type Books
Holdings
Lost status Source of classification or shelving scheme Damaged status Not for loan Collection code Permanent Location Current Location Shelving location Date acquired Source of acquisition Cost, normal purchase price Total Checkouts Full call number Date last seen Copy number Koha item type
  Dewey Decimal Classification     Non-fiction Central Library, University of Rajshahi Central Library, University of Rajshahi   20/11/1965 Zeittinger 8.60   515.9 PHF 1963 31/08/2016 C-2 Books
  Dewey Decimal Classification     Non-fiction Central Library, University of Rajshahi Central Library, University of Rajshahi   20/11/1965 Zeittinger 8.60   515.9 PHF 1963 31/08/2016 C-3 Books
  Dewey Decimal Classification     Non-fiction Central Library, University of Rajshahi Central Library, University of Rajshahi   20/11/1965 Zeittinger 8.60   515.9 PHF 1965 31/08/2016 C-4 Books